[Event "DVM U14 2016"]
[Site "Düsseldorf GER"]
[Date "2016.12.29"]
[Round "5"]
[White "Krömer, Alexander"]
[Black "Kühne, Maria"]
[Result "1/2-1/2"]
[Termination "normal"]
[Board "7.4"]
[WhiteElo "1564"]
[BlackElo "1721"]
[WhiteTeam "SVG CAISSA Kassel"]
[BlackTeam "FC Ergolding"]
[PlyCount "35"]
[WhiteFideId "12974676"]
[BlackFideId "12997412"]
[EventCountry "GER"]
[EventRounds "7"]
[EventType "team-swiss"]
[EventDate "2016.12.26"]

1. e4 Nc6 2. Nf3 Nf6 3. e5 Nd5 4. d4 d6 5. c4 Nb6 6. e6 fxe6 7. Nc3 g6 8. h4
Bg7 9. h5 gxh5 10. Rxh5 e5 11. d5 Nd4 12. Nxd4 exd4 13. Rg5 Bf6 14. Qh5+ Kd7
15. Qg4+ Ke8 16. Qh5+ Kd7 17. Qg4+ Ke8 18. Qh5+ 1/2-1/2

[Event "DVM U14 2016"]
[Site "Düsseldorf GER"]
[Date "2016.12.29"]
[Round "5"]
[White "Stirnberg, Noah"]
[Black "Kanzow, Alexander"]
[Result "1-0"]
[Termination "normal"]
[Board "8.1"]
[WhiteElo "1772"]
[BlackElo "1556"]
[WhiteTeam "SK Blauer Springer Paderborn"]
[BlackTeam "KSV Rochade Göttingen"]
[PlyCount "35"]
[WhiteFideId "16207742"]
[BlackFideId "16225414"]
[EventCountry "GER"]
[EventRounds "7"]
[EventType "team-swiss"]
[EventDate "2016.12.26"]

1. e4 c5 2. Nf3 e6 3. d4 cxd4 4. Nxd4 Nc6 5. Be3 g6 6. Nc3 Bg7 7. Qd2 Nge7 8.
O-O-O a6 9. h4 h5 10. Nb3 b5 11. Kb1 Na5 12. Bd4 Nxb3 13. axb3 f6 14. Qe3 d5
15. Bb6 Qd7 16. exd5 e5 17. Qc5 Bb7 18. Nxb5 1-0

[Event "DVM U14 2016"]
[Site "Düsseldorf GER"]
[Date "2016.12.29"]
[Round "5"]
[White "Mimkes, Pavel"]
[Black "Schlangenotto, Niklas"]
[Result "0-1"]
[Termination "normal"]
[Board "8.2"]
[WhiteElo "1418"]
[BlackElo "1729"]
[WhiteTeam "KSV Rochade Göttingen"]
[BlackTeam "SK Blauer Springer Paderborn"]
[PlyCount "70"]
[WhiteFideId "12990833"]
[BlackFideId "16217560"]
[EventCountry "GER"]
[EventRounds "7"]
[EventType "team-swiss"]
[EventDate "2016.12.26"]

1. e4 e6 2. Nc3 d5 3. d3 Nf6 4. f4 Bb4 5. Bd2 O-O 6. e5 Nfd7 7. d4 Be7 8. Nf3
a6 9. a4 c5 10. Ne2 Nc6 11. c3 Rb8 12. dxc5 Nxc5 13. Ned4 Nxd4 14. Nxd4 f6 15.
b4 Ne4 16. Bd3 fxe5 17. Bxe4 dxe4 18. fxe5 Bh4+ 19. g3 Bg5 20. Qc2 e3 21. O-O-O
exd2+ 22. Kb1 Qd5 23. h4 Bh6 24. g4 Be3 25. Rh3 Bxd4 26. Rxd2 Qc4 27. Rhd3 Bxe5
28. Rd8 Qxc3 29. Qe4 Qa1+ 30. Kc2 Qxa4+ 31. Kc1 Qa1+ 32. Kc2 Bd7 33. Rxb8 Rxb8
34. Rd3 Rc8+ 35. Kd2 Qc1+ 0-1

[Event "DVM U14 2016"]
[Site "Düsseldorf GER"]
[Date "2016.12.29"]
[Round "5"]
[White "Brockhoff, Moritz"]
[Black "Mindermann, Arved"]
[Result "0-1"]
[Termination "normal"]
[Board "8.3"]
[WhiteElo "1818"]
[BlackElo "1542"]
[WhiteTeam "SK Blauer Springer Paderborn"]
[BlackTeam "KSV Rochade Göttingen"]
[PlyCount "98"]
[WhiteFideId "16214927"]
[BlackFideId "16221893"]
[EventCountry "GER"]
[EventRounds "7"]
[EventType "team-swiss"]
[EventDate "2016.12.26"]

1. d4 d5 2. Bf4 Nf6 3. e3 Bf5 4. Bd3 Bg6 5. Qe2 e6 6. Bxg6 hxg6 7. Qb5+ Nbd7 8.
Qxb7 Rb8 9. Qxa7 Rxb2 10. Qxc7 Qxc7 11. Bxc7 Rxc2 12. Ba5 Rc1+ 13. Kd2 Rf1 14.
Ke2 Rc1 15. Bd2 Rc2 16. Kd3 Rb2 17. Ne2 Ne4 18. Be1 Bb4 19. Nbc3 f5 20. Rb1
Rxb1 21. Nxb1 Bxe1 22. Rxe1 Nxf2+ 23. Kc2 Rxh2 24. a4 Kf7 25. Nbc3 Rh8 26. Rb1
Rb8 27. Nb5 Ke7 28. Nf4 g5 29. Ng6+ Kf6 30. Ne5 Nxe5 31. dxe5+ Kxe5 32. a5 Rc8+
33. Kb3 Nd3 34. Ka3 Ra8 35. Ka4 Nc5+ 36. Kb4 Nb7 37. Ra1 Nxa5 38. Kc3 Rc8+ 39.
Kd3 Nc4 40. Ra2 f4 41. exf4+ gxf4 42. Re2+ Ne3 43. g3 g5 44. Nd4 Rc4 45. Nf3+
Kf6 46. Nxg5 Kxg5 47. gxf4+ Kxf4 48. Rf2+ Kg3 49. Kxe3 Re4+ 0-1

[Event "DVM U14 2016"]
[Site "Düsseldorf GER"]
[Date "2016.12.29"]
[Round "5"]
[White "Nizamova, Rita"]
[Black "Janke, Julian"]
[Result "0-1"]
[Termination "normal"]
[Board "8.4"]
[WhiteElo "1310"]
[BlackElo "1343"]
[WhiteTeam "KSV Rochade Göttingen"]
[BlackTeam "SK Blauer Springer Paderborn"]
[PlyCount "44"]
[WhiteFideId "16221940"]
[BlackFideId "16229185"]
[EventCountry "GER"]
[EventRounds "7"]
[EventType "team-swiss"]
[EventDate "2016.12.26"]

1. e4 d5 2. exd5 Qxd5 3. Nc3 Qd8 4. d4 Nf6 5. Nf3 e6 6. Bf4 a6 7. Qd2 Be7 8.
O-O-O Nbd7 9. h3 b5 10. g4 Bb7 11. Bg2 Nb6 12. Rhg1 Ra7 13. g5 Ne4 14. Nxe4
Bxe4 15. h4 a5 16. Ne5 Bxg2 17. Rxg2 Qd5 18. Rgg1 Qxa2 19. Qd3 Nc4 20. Nxc4
bxc4 21. Qe4 O-O 22. d5 Rd8 0-1

[Event "DVM U14 2016"]
[Site "Düsseldorf GER"]
[Date "2016.12.29"]
[Round "5"]
[White "Triantafillidis, Simeon"]
[Black "Righi, Sofian"]
[Result "1-0"]
[Termination "normal"]
[Board "9.1"]
[WhiteElo "1656"]
[BlackElo "1760"]
[WhiteTeam "SF HN-Biberach"]
[BlackTeam "Düsseldorfer SK"]
[PlyCount "71"]
[WhiteFideId "12953113"]
[BlackFideId "12987581"]
[EventCountry "GER"]
[EventRounds "7"]
[EventType "team-swiss"]
[EventDate "2016.12.26"]

1. e4 c5 2. Nf3 d6 3. Bb5+ Bd7 4. a4 a6 5. Bxd7+ Qxd7 6. Nc3 g6 7. O-O Bg7 8.
Re1 e6 9. a5 Qc7 10. d4 cxd4 11. Nxd4 Ne7 12. Be3 Nd7 13. Na4 O-O 14. c3 d5 15.
Qf3 e5 16. Nb3 dxe4 17. Qxe4 f5 18. Qc2 Nd5 19. Bc5 Nxc5 20. Nbxc5 Rfe8 21. Qb3
Qf7 22. Rad1 Red8 23. Nxb7 Rab8 24. Nac5 Bf8 25. Qc4 Rbc8 26. Qxd5 Qxd5 27.
Rxd5 Bxc5 28. Nxc5 e4 29. Na4 Re8 30. g3 Re6 31. Red1 Kg7 32. Rd6 Rce8 33. Nc5
Re5 34. R6d5 Rxd5 35. Rxd5 Rb8 36. b4 1-0

[Event "DVM U14 2016"]
[Site "Düsseldorf GER"]
[Date "2016.12.29"]
[Round "5"]
[White "Kostenko, Peter Alexander"]
[Black "Geltz, Noah"]
[Result "0-1"]
[Termination "normal"]
[Board "9.2"]
[WhiteElo "1220"]
[BlackElo "1830"]
[WhiteTeam "Düsseldorfer SK"]
[BlackTeam "SF HN-Biberach"]
[PlyCount "112"]
[WhiteFideId "16235177"]
[BlackFideId "16224256"]
[EventCountry "GER"]
[EventRounds "7"]
[EventType "team-swiss"]
[EventDate "2016.12.26"]

1. e4 c6 2. d4 d5 3. exd5 cxd5 4. Nf3 Nf6 5. Be2 Nc6 6. Nc3 Bf5 7. Bf4 e6 8.
Bd3 Bxd3 9. Qxd3 Bb4 10. O-O O-O 11. a3 Bd6 12. Ne5 Bxe5 13. dxe5 Nd7 14. Rfe1
f6 15. exf6 Qxf6 16. Bg3 Nb6 17. Nb5 e5 18. f3 a6 19. Nc7 Rad8 20. Qb3 Nd4 21.
Qd3 Nc4 22. b3 Qb6 23. Bf2 Qxc7 24. Bxd4 exd4 25. bxc4 dxc4 26. Qe4 Rfe8 27.
Qg4 Qb6 28. Kf1 Qd6 29. Rad1 Qxh2 30. Rxe8+ Rxe8 31. Qxd4 Qc7 32. Qd5+ Qf7 33.
Qxf7+ Kxf7 34. Rd7+ Re7 35. Rd4 b5 36. Rd6 Re6 37. Rd5 Ke7 38. Rc5 Kd6 39. Rh5
h6 40. Kf2 Kc6 41. g4 Kb6 42. g5 hxg5 43. Rxg5 g6 44. Rg4 Ka5 45. Re4 Rxe4 46.
fxe4 Kb6 47. Ke3 Kc5 48. c3 Kd6 49. Kd4 g5 50. e5+ Ke6 51. Kc5 g4 52. Kb6 g3
53. Kxa6 g2 54. Kxb5 g1=Q 55. Kxc4 Qb6 56. a4 Kxe5 0-1

[Event "DVM U14 2016"]
[Site "Düsseldorf GER"]
[Date "2016.12.29"]
[Round "5"]
[White "Späth, René"]
[Black "Wiedenbruch, Paul"]
[Result "1/2-1/2"]
[Termination "normal"]
[Board "9.3"]
[WhiteElo "1384"]
[BlackElo "1407"]
[WhiteTeam "SF HN-Biberach"]
[BlackTeam "Düsseldorfer SK"]
[PlyCount "112"]
[WhiteFideId "16224272"]
[BlackFideId "16207343"]
[EventCountry "GER"]
[EventRounds "7"]
[EventType "team-swiss"]
[EventDate "2016.12.26"]

1. e4 e5 2. Nf3 Nf6 3. Nxe5 d6 4. Nf3 Nxe4 5. d3 Nf6 6. Nc3 Nc6 7. Bg5 Be7 8.
Be2 h6 9. Bh4 O-O 10. Qd2 Ne5 11. O-O Bf5 12. Rfe1 Re8 13. d4 Nxf3+ 14. Bxf3 c6
15. Re2 Nh7 16. Bxe7 Rxe7 17. Rae1 Rxe2 18. Rxe2 d5 19. Qf4 Be6 20. Na4 Qa5 21.
b3 b6 22. Qc7 Rc8 23. Qd6 Nf8 24. h3 Qb5 25. Nb2 c5 26. Qe5 Qc6 27. c4 Ng6 28.
cxd5 Nxe5 29. dxc6 Nxf3+ 30. gxf3 Rxc6 31. dxc5 Rxc5 32. Nd3 Rf5 33. Kg2 a5 34.
Kg3 Kf8 35. Nf4 Bd7 36. Rd2 Ke8 37. Nd5 b5 38. Nb6 Bc6 39. Rd3 Bb7 40. a4 Ba6
41. Na8 Rc5 42. Rd6 Bb7 43. Nb6 bxa4 44. bxa4 Rc6 45. Rxc6 Bxc6 46. Nc4 Bxa4
47. Nxa5 Ke7 48. Nc4 Ke6 49. Ne3 f5 50. f4 Bc6 51. Nc4 g6 52. Ne5 Be8 53. Nf3
Kf6 54. h4 Bc6 55. Nd4 Bd5 56. f3 Bb7 1/2-1/2

[Event "DVM U14 2016"]
[Site "Düsseldorf GER"]
[Date "2016.12.29"]
[Round "5"]
[White "Wolf, Philipp"]
[Black "Meier, Julian"]
[Result "1-0"]
[Termination "normal"]
[Board "10.1"]
[WhiteElo "1713"]
[BlackElo "1267"]
[WhiteTeam "SG Blau-Weiß Stadtilm"]
[BlackTeam "Gütersloher SV"]
[PlyCount "43"]
[WhiteFideId "12958948"]
[BlackFideId "16235207"]
[EventCountry "GER"]
[EventRounds "7"]
[EventType "team-swiss"]
[EventDate "2016.12.26"]

1. e4 e5 2. Nf3 Nc6 3. Bc4 Bc5 4. c3 Nf6 5. d4 exd4 6. O-O dxc3 7. e5 Ng4 8.
Bxf7+ Kxf7 9. Qd5+ Ke8 10. Qxc5 b6 11. Qc4 Ngxe5 12. Nxe5 Nxe5 13. Re1 d6 14.
f4 Qh4 15. g3 Qf6 16. fxe5 dxe5 17. Nxc3 Rf8 18. Qb5+ Kd8 19. Rd1+ Ke7 20. Nd5+
Ke6 21. Nxf6 Kxf6 22. Qc6+ 1-0

[Event "DVM U14 2016"]
[Site "Düsseldorf GER"]
[Date "2016.12.29"]
[Round "5"]
[White "Kühn von Burgsdorff, Johannes"]
[Black "Creß, Bastian"]
[Result "1/2-1/2"]
[Termination "normal"]
[Board "10.2"]
[WhiteElo "1211"]
[BlackElo "1608"]
[WhiteTeam "Gütersloher SV"]
[BlackTeam "SG Blau-Weiß Stadtilm"]
[PlyCount "84"]
[WhiteFideId "16234960"]
[BlackFideId "16208846"]
[EventCountry "GER"]
[EventRounds "7"]
[EventType "team-swiss"]
[EventDate "2016.12.26"]

1. d4 Nf6 2. c4 g6 3. Nc3 Bg7 4. e4 d6 5. Nf3 O-O 6. Be2 Nbd7 7. Be3 e5 8. d5
h6 9. h3 Ne8 10. Qd2 Kh7 11. O-O-O c5 12. h4 Ndf6 13. Ne1 a6 14. f3 b5 15. cxb5
axb5 16. Bxb5 Nc7 17. Bc4 Nd7 18. g4 Nb6 19. Bd3 Na4 20. a3 Bd7 21. h5 g5 22.
Ng2 Rb8 23. Nxa4 Bxa4 24. Bc2 Bd7 25. Bf2 Nb5 26. Rh3 Nd4 27. Ne3 Qb6 28. Nc4
Qa6 29. Bxd4 Qxc4 30. Bc3 Qa6 31. Rh2 Rb7 32. Qe2 Qb6 33. Rd2 Ra8 34. Qd1 Bb5
35. Qe1 Kg8 36. Rdf2 Qa6 37. Qd2 Qa7 38. Bd3 Bd7 39. Kd1 Qb8 40. Rhg2 f6 41.
Qe2 Rb6 42. Qd2 Rb7 1/2-1/2

[Event "DVM U14 2016"]
[Site "Düsseldorf GER"]
[Date "2016.12.29"]
[Round "5"]
[White "Rapp, Lukas"]
[Black "Qiu, Leo"]
[Result "1-0"]
[Termination "normal"]
[Board "10.3"]
[WhiteElo "1630"]
[BlackElo "1328"]
[WhiteTeam "SG Blau-Weiß Stadtilm"]
[BlackTeam "Gütersloher SV"]
[PlyCount "73"]
[WhiteFideId "12989320"]
[BlackFideId "16235215"]
[EventCountry "GER"]
[EventRounds "7"]
[EventType "team-swiss"]
[EventDate "2016.12.26"]

1. e4 e5 2. Nf3 Nc6 3. Bc4 Bc5 4. c3 Nf6 5. d4 exd4 6. O-O O-O 7. cxd4 Bb4 8.
d5 Ne7 9. a3 Ba5 10. b4 Bb6 11. e5 Ne4 12. Nd4 d6 13. exd6 Qxd6 14. Bb2 Nf5 15.
Nxf5 Bxf5 16. Qf3 Qg6 17. Bd3 Rfe8 18. Nc3 Nd2 19. Qxf5 Qxf5 20. Bxf5 Nxf1 21.
Kxf1 f6 22. Be6+ Kf8 23. Re1 Rad8 24. a4 g6 25. Ne4 f5 26. Nf6 Re7 27. a5 Bxf2
28. Kxf2 c6 29. Ba3 Rc7 30. b5+ Kg7 31. b6 Rcc8 32. Bxc8 Rxc8 33. Ne8+ Kh6 34.
Nd6 Rb8 35. bxa7 Ra8 36. Bc5 Kg5 37. Re8 1-0

[Event "DVM U14 2016"]
[Site "Düsseldorf GER"]
[Date "2016.12.29"]
[Round "5"]
[White "Jürging, Felix"]
[Black "Pflugradt, Natalie"]
[Result "1-0"]
[Termination "normal"]
[Board "10.4"]
[WhiteElo "1115"]
[BlackElo "1445"]
[WhiteTeam "Gütersloher SV"]
[BlackTeam "SG Blau-Weiß Stadtilm"]
[PlyCount "123"]
[WhiteFideId "16235134"]
[BlackFideId "16212444"]
[EventCountry "GER"]
[EventRounds "7"]
[EventType "team-swiss"]
[EventDate "2016.12.26"]

1. e4 e5 2. Nf3 Nc6 3. Bc4 Bc5 4. d3 h6 5. Be3 Bb6 6. Qe2 Nf6 7. Nc3 d6 8.
O-O-O Be6 9. d4 Bxc4 10. Qxc4 Nxe4 11. Nxe4 d5 12. Qd3 dxe4 13. Qxe4 Qe7 14.
dxe5 Bxe3+ 15. Qxe3 O-O 16. Rhe1 Rfe8 17. Re2 Rad8 18. Rxd8 Rxd8 19. Ne1 Qd7
20. Nd3 Qd5 21. b3 Qxg2 22. f4 Qd5 23. f5 Qd4 24. Qxd4 Nxd4 25. Rf2 Kf8 26. Kd2
Ke7 27. Kc3 b6 28. Nb4 c5 29. Nd3 Kd7 30. Kd2 Kc7 31. c3 Nc6 32. Ke3 b5 33. Ke4
c4 34. Nb2 cxb3 35. axb3 a6 36. e6 fxe6 37. fxe6 Kd6 38. Rf7 Kxe6 39. Rxg7 Rd2
40. Rg6+ Kd7 41. Nd3 Kc7 42. Rxh6 Rg2 43. b4 Rg8 44. Nc5 Re8+ 45. Kd3 Ne5+ 46.
Kc2 Nc4 47. Nxa6+ Kb7 48. Nc5+ Kc7 49. h4 Re2+ 50. Kd1 Rh2 51. h5 Rh1+ 52. Kc2
Rh2+ 53. Kd3 Rh3+ 54. Kd4 Rh4+ 55. Kd5 Ne3+ 56. Ke6 Ng4 57. Rh7+ Kb8 58. Kd6
Nf6 59. Rb7+ Kc8 60. Rxb5 Rxh5 61. Ra5 Rd5+ 62. Kc6 1-0